|
|
|
|
| LEADER |
00000nas a2200000 a 4500 |
| 001 |
ssj0001454155 |
| 003 |
WaSeSS |
| 005 |
20200512172242.0 |
| 006 |
m d |
| 007 |
cr n |
| 008 |
061227c20079999nyuqr p s 0 a0eng c |
| 010 |
|
|
|a 2006215844
|
| 022 |
|
|
|l 1935-2549
|y 1935-2549
|
| 035 |
|
|
|a (WaSeSS)ssj0001454155
|
| 037 |
|
|
|b Nova Science Publishers, 400 Oser Ave., Ste. 1600, Hauppauge, NY 11788
|
| 040 |
|
|
|a NSDP
|b eng
|c NSDP
|d NSDP
|d DLC
|d OCoLC
|d OCLCF
|d OCoLC
|d WaSeSS
|
| 042 |
|
|
|a nsdp
|a pcc
|
| 043 |
|
|
|a s------
|a nc-----
|
| 050 |
0 |
0 |
|a F1401
|b .C86
|
| 082 |
1 |
0 |
|a 320
|2 14
|
| 222 |
|
0 |
|a Current politics and economics of South and Central America
|
| 245 |
0 |
0 |
|a Current politics and economics of South and Central America
|h [electronic resource].
|
| 260 |
|
|
|a [Hauppauge, N.Y.] :
|b Nova Science Publishers,
|c 2007-
|
| 310 |
|
|
|a Quarterly
|
| 362 |
0 |
|
|a Vol. 1, issue 1 (2007)-
|
| 500 |
|
|
|a Title from cover.
|
| 506 |
|
|
|a License restrictions may limit access.
|
| 648 |
|
7 |
|a Since 1918
|2 fast
|
| 650 |
|
7 |
|a Economic history.
|2 fast
|0 (OCoLC)fst00901974
|
| 650 |
|
7 |
|a Politics and government
|2 fast
|0 (OCoLC)fst01919741
|
| 651 |
|
0 |
|a South America
|x Politics and government
|y 1980-
|v Periodicals.
|
| 651 |
|
0 |
|a South America
|x Economic conditions
|y 1918-
|v Periodicals.
|
| 651 |
|
0 |
|a Central America
|x Politics and government
|y 1979-
|v Periodicals.
|
| 651 |
|
0 |
|a Central America
|x Economic conditions
|y 1979-
|v Periodicals.
|
| 651 |
|
7 |
|a Central America.
|2 fast
|0 (OCoLC)fst01244535
|
| 651 |
|
7 |
|a South America.
|2 fast
|0 (OCoLC)fst01244515
|
| 655 |
|
0 |
|a Electronic journals.
|
| 710 |
2 |
|
|a Nova Science Publishers.
|
| 850 |
|
|
|a DLC
|
| 856 |
4 |
0 |
|z Full text available from Research Library: 01/01/2011 to present
|u https://search.proquest.com/publication/2034882
|